Basikal

Bibliographic Details
Main Author: Citra Ilham
Format: Book
Published: Kuala Lumpur : Pustaka Cita Tinggi , 1996
Series:Siri Cita-cita
Subjects:

MARC

LEADER 00000cam a2200000 7i4500
001 0000008992
002 000009793
005 20000330.0
020 |a 9830231291 
090 0 0 |a JF   |b CIT 
100 0 |a Citra Ilham 
245 1 0 |a Basikal   |c Citra Ilham 
260 |a Kuala Lumpur :   |b Pustaka Cita Tinggi ,   |c 1996 
300 |a 87p. :   |b ill ;   |c 18cm. 
490 0 |a Siri Cita-cita 
650 0 0 |a Children's stories, Malay 
999 |a 045674   |b BUKU   |c PINJAMAN   |e PERPUSTAKAAN KOMUNITI CAW KOTA DAMANSARA